Statistics for 町より人口の少ない市

Click here to take the quiz!

General Stats

  • This quiz has been taken 102 times
  • The average score is 84 of 120

Answer Stats

都道府県% Correct
北海道夕張市
91%
北海道歌志内市
89%
石川県輪島市
89%
北海道稚内市
88%
北海道根室市
88%
石川県珠洲市
88%
北海道留萌市
85%
岩手県陸前高田市
84%
北海道赤平市
82%
岐阜県飛騨市
82%
北海道紋別市
82%
長崎県対馬市
82%
広島県三次市
82%
北海道富良野市
82%
高知県土佐清水市
82%
北海道砂川市
82%
長崎県壱岐市
81%
静岡県御前崎市
81%
静岡県下田市
81%
三重県尾鷲市
80%
北海道名寄市
80%
北海道網走市
78%
京都府宮津市
78%
高知県室戸市
77%
長崎県五島市
77%
北海道芦別市
77%
大分県国東市
77%
三重県鳥羽市
77%
岐阜県美濃市
77%
山梨県大月市
77%
熊本県阿蘇市
76%
三重県熊野市
76%
岩手県釜石市
76%
岩手県二戸市
76%
岩手県八幡平市
76%
石川県羽咋市
76%
北海道三笠市
76%
北海道滝川市
76%
岩手県久慈市
76%
静岡県伊豆市
76%
奈良県五條市
76%
山梨県上野原市
74%
静岡県牧之原市
74%
神奈川県南足柄市
74%
栃木県那須烏山市
74%
北海道美唄市
73%
佐賀県嬉野市
73%
茨城県常陸大宮市
73%
岩手県遠野市
73%
北海道士別市
73%
静岡県熱海市
73%
大分県豊後高田市
73%
茨城県常陸太田市
73%
山形県尾花沢市
73%
宮崎県えびの市
73%
北海道深川市
73%
長崎県平戸市
72%
高知県宿毛市
72%
広島県庄原市
72%
徳島県三好市
72%
神奈川県三浦市
72%
北海道伊達市
72%
石川県かほく市
70%
京都府南丹市
70%
茨城県かすみがうら市
70%
千葉県勝浦市
69%
広島県江田島市
69%
広島県安芸高田市
69%
茨城県桜川市
69%
長野県飯山市
69%
大分県竹田市
68%
高知県須崎市
68%
広島県大竹市
68%
奈良県宇陀市
68%
熊本県水俣市
68%
熊本県上天草市
68%
広島県竹原市
66%
和歌山県御坊市
66%
兵庫県養父市
66%
高知県安芸市
66%
長崎県西海市
66%
鹿児島県西之表市
65%
大分県津久見市
65%
長崎県松浦市
65%
鹿児島県垂水市
65%
京都府綾部市
65%
愛知県新城市
65%
熊本県人吉市
64%
広島県府中市
64%
茨城県鉾田市
64%
茨城県行方市
64%
福岡県豊前市
64%
茨城県高萩市
64%
宮崎県串間市
62%
兵庫県相生市
62%
茨城県潮来市
61%
宮城県角田市
61%
福岡県宮若市
61%
福岡県うきは市
61%
大分県杵築市
59%
鹿児島県阿久根市
59%
宮城県白石市
59%
熊本県宇土市
58%
奈良県御所市
58%
福岡県田川市
57%
徳島県美馬市
55%
愛知県弥富市
55%
徳島県阿波市
55%
岐阜県山県市
54%
福岡県大川市
54%
兵庫県朝来市
53%
佐賀県多久市
53%
茨城県稲敷市
51%
福岡県嘉麻市
51%
福岡県中間市
51%
栃木県矢板市
49%
福岡県みやま市
49%
愛知県高浜市
47%
茨城県下妻市
45%
愛知県岩倉市
42%

Score Distribution

Percentile by Number Answered

Percent of People with Each Score

Your Score History

You have not taken this quiz